Normal view MARC view
  • UNECE STANDARDS--MARKETING--PINEAPPLES

Entry Topical Term

Number of records used in: 1

001 - CONTROL NUMBER

  • control field: 3140

003 - CONTROL NUMBER IDENTIFIER

  • control field: CBULib

005 - DATE AND TIME OF LATEST TRANSACTION

  • control field: 20240719085106.0

008 - FIXED-LENGTH DATA ELEMENTS

  • fixed length control field: 240719|| aca||babn | a|a d

040 ## - CATALOGING SOURCE

  • Original cataloging agency: CBULib

150 ## - HEADING--TOPICAL TERM

  • Topical term or geographic name entry element: UNECE STANDARDS--MARKETING--PINEAPPLES